Themenbereiche des Europa-Park - Statistiken

Allgemein
  • Dieses Quiz wurde 138 mal gespielt
    124 seit der letzten Aktualisierung
  • Das Durchschnittsergebnis liegt bei 15 aus 20
Antwortstatistiken
Eröffnung Themenbereich Hauptattraktion % Korrekt
1996 Deutschland Voletarium
97%
1990 Frankreich Eurosat – Can Can Coaster,Silver Star
96%
2000 Griechenland Poseidon
94%
1992 Österreich Alpenexpress „Enzian“
93%
1998 Russland Euro-Mir
93%
1993 Schweiz Matterhornblitz
93%
1982 Italien Geisterschloss
90%
1994 Spanien Kolumbusjolle
89%
2009 Island Blue Fire Megacoaster, Wodan – Timburcoaster
84%
2005 Portugal Atlantica SuperSplash
84%
2024 Kroatien Voltron Nevera
82%
1984 / 2020 Niederlande Piraten in Batavia
82%
2023 Liechtenstein Liechtensteiner Ballonfahrt
81%
2016 Irland Ba-a-a-Express
79%
1992 / 2019 Skandinavien Fjord-Rafting
76%
1988 England Arena of Football
75%
2016 Luxemburg Food Loop
57%
1975 Grimms Märchenwald Wichtelhausen
38%
2014 Königreich der Minimoys Arthur
36%
1975 Abenteuerland Wasserspielplatz
17%
Keine übereinstimmenden Quizze gefunden
Verteilung der Resultate
Anzahl Personen mit jedem Resultat
Perzentil nach korrekt beantworteten Fragen
Ihre Resultats-Entwicklung
Sie haben dieses Quiz seit der letzten Aktualisierung nicht gespielt